[Event "Suwalki Warakomska Memorial-B 1st"]
[Site "Suwalki"]
[Date "2017.08.11"]
[Round "1"]
[White "Kaczmarska, Joanna"]
[Black "Tomicki, Marek"]
[Result "1-0"]
[WhiteElo "1942"]
[BlackElo "1649"]
[PlyCount "81"]
[EventDate "2017.08.11"]
[EventType "swiss"]
[EventRounds "9"]
[EventCountry "POL"]
[SourceTitle "CBM 180 Extra"]
[Source "ChessBase"]
[SourceDate "2017.10.06"]
[SourceVersion "1"]
[SourceVersionDate "2017.10.06"]
[SourceQuality "1"]

1. e4 c5 2. Nf3 d6 3. d4 cxd4 4. Nxd4 Nf6 5. Nc3 a6 6. a4 e6 7. g3 b6 8. Bg2 Bb7 9. 0-0 Be7 10. f4 Qc7 11. Qe2 Nbd7 12. Be3 0-0 13. Rad1 Rac8 14. Bf3 Nc5 15. Qg2 Rfd8 16. Nde2 d5 17. e5 Nfe4 18. Bd4 Bc6 19. b3 b5 20. axb5 axb5 21. g4 b4 22. Na2 Rb8 23. f5 f6 24. exf6 Bxf6 25. Bxf6 gxf6 26. Nd4 e5 27. Bxe4 Nxe4 28. Ne6 Qa7+ 29. Kh1 d4 30. Rf3 Ng5 31. Nxg5 fxg5 32. Kg1 Qxa2 33. Qd2 h6 34. Rh3 Kg7 35. f6+ Kg6 36. Qd3+ e4 37. Rxh6+ Kxh6 38. Qh3+ Kg6 39. Qh5+ Kxf6 40. Rf1+ Ke6 41. Qg6+ 1-0

[Event "Suwalki Elo op"]
[Site "Suwalki"]
[Date "2008.01.24"]
[Round "9"]
[White "Pietruszewski, Marcin"]
[Black "Tomicki, Marek"]
[Result "1-0"]
[WhiteElo "1886"]
[BlackElo "1800"]
[PlyCount "29"]
[EventDate "2008.01.21"]
[EventType "swiss"]
[EventRounds "9"]
[EventCountry "POL"]
[SourceTitle "EXT 2010"]
[Source "ChessBase"]
[SourceDate "2010.11.25"]
[SourceVersion "1"]
[SourceVersionDate "2010.11.25"]
[SourceQuality "1"]

1. e4 c5 2. Nf3 d6 3. d4 cxd4 4. Nxd4 Nf6 5. Nc3 a6 6. Bc4 e6 7. Bb3 Be7 8. Be3 Qc7 9. 0-0 b5 10. f4 Nc6 11. f5 Nxd4 12. Qxd4 e5 13. Qd3 b4 14. Nd5 Nxd5 15. Qxd5 1-0